| 000 | 00496nam a22001937a 4500 | ||
|---|---|---|---|
| 003 | OSt | ||
| 005 | 20180116183041.0 | ||
| 008 | 160222b xxu||||| |||| 00| 0 eng d | ||
| 020 | _a05-761-2014-1 | ||
| 040 | _c0 | ||
| 050 | _a174.4 | ||
| 082 | _a174.4 | ||
| 100 | _aShoaib Ul Haq | ||
| 245 |
_aKick-Starting Indigenous Innovation:A Case of Akhuwat. _bCase Studies. _cShoaib Ul Haq. |
||
| 260 |
_aLahore. _bLUMS _c2014. |
||
| 300 | _a39p. | ||
| 500 | _aPaper Cover | ||
| 942 |
_2ddc _cCS _k174.4 |
||
| 999 |
_c351227 _d351227 |
||